Statistics for K.C. Undercover General Knowledge

Click here to take the quiz!

General Stats

  • This quiz has been taken 149 times
  • The average score is 8 of 15

Answer Stats

QuestionAnswer% Correct
Which actress plays K.C.? | Who sings the theme song?Zendaya
97%
Who is K.C.'s best friend?Marisa
89%
Who is Judy's loud 'friend'?Petey
66%
Who is Brett's Father?Zane
64%
What does JUDY stand for?Junior Undercover Digital Youth
60%
Who was the Other Side's hand-to-hand combat instructor before he went on the run from the Other Side in Canada?Brett Willis
58%
What is the name of the theme song?Keep It Undercover
58%
What did K.C. dress up as for Halloween?A spy
50%
What language is Jolie fluent in?Russian
43%
Which actress appears in the episode Spy-anoia Will Destroy Ya as Jolie?Bella Thorne
42%
Which actress plays MarisaVeronica Dunne
40%
What is K.C.'s FULL name (including middle names)?Katrina Charlotte Coretta Scott Cooper
16%
What is the name of the frozen yoghurt parlour in K.C. Undercover?Froyo Loco
12%
Where did Petey keep his Halloween candy?In the Cooper's barbecue
7%

Score Distribution

Percentile by Number Answered

Percent of People with Each Score

Your Score History

You have not taken this quiz